| 000 | 006760000a22002050004500 | ||
|---|---|---|---|
| 020 | _a84-301-0908-0 | ||
| 041 | 0 | _aSPA | |
| 082 | 0 | 4 | _aG 808.86 B714s |
| 100 | 1 | _aBonhoeffer, Dietrich (1906-1945) | |
| 245 | 1 | 0 | _aResistencia y sumisión : Cartas y apuntes desde el cautiverio / Dietrich Bonhoeffer; Eberhard Bethge, Editor, José Alemany, Traductor |
| 260 | _aSalamanca, España : Sígueme | ||
| 300 | _a299 Pag | ||
| 440 | 0 | _aCol. El Peso de los Días; No. 18 | |
| 500 | _aTítulo original : Widerstand und ergebung | ||
| 001 | 10957 | ||
| 942 | _cBK | ||
| 999 |
_c40342 _d40342 |
||
| 336 |
_atexto _btxt _2rdacontent |
||
| 337 |
_2rdamedia _asin mediación _bn |
||
| 338 |
_2rdacarrier _avolumen _bnc |
||